| 000 | 00631nam a22002057a 4500 | ||
|---|---|---|---|
| 999 |
_c33636 _d33636 |
||
| 003 | OSt | ||
| 005 | 20230130175249.0 | ||
| 008 | 230130b ||||| |||| 00| 0 eng d | ||
| 020 | _a978-84-8473-664-6 (obra completa) | ||
| 040 |
_aBMC _cBMC |
||
| 082 | _a613.2 | ||
| 100 | 1 |
_946925 _aMataix Verdú, José |
|
| 245 | 1 | 0 |
_aNutrición y alimentación humana _cJosé Mataix Verdú |
| 250 | _a2ª ed. | ||
| 260 |
_aMadrid _bErgon _creimp. 2016 |
||
| 300 |
_a2 V. _c29 cm |
||
| 505 | _aV. I: Nutrientes y alimentos - V. 2: situaciones fisiologícas y patologicas | ||
| 650 | 2 | 4 |
_92745 _aNutrición |
| 942 |
_2ddc _cBK _hprozim |
||